| 000 | 00858cam a2200277 i 4500 | ||
|---|---|---|---|
| 999 |
_c200442512 _d60724 |
||
| 003 | TR-AnTOB | ||
| 005 | 20220309145347.0 | ||
| 007 | ta | ||
| 008 | 970827m19461954tu ab e 000 0 turx | ||
| 035 | _a(TR-AnTOB) | ||
| 040 |
_aSULEY _beng _erda _cSULEY _dTR-AnTOB |
||
| 041 | 0 | _atur | |
| 050 | 0 | 4 |
_aHB61 _b.İ48 |
| 090 |
_aHB61 _b.İ48 |
||
| 245 | 0 | 0 |
_aİktisat ve ticaret ansiklopedisi / _cçıkaranlar, İsmet Alkan, Aslan Tufan Yazman. |
| 264 | 1 |
_aİstanbul : _bİTA, _c1946-1960. |
|
| 300 |
_a11 volumes : _billustrations ; _c28 cm |
||
| 336 |
_atext _btxt _2rdacontent |
||
| 337 |
_aunmediated _bn _2rdamedia |
||
| 338 |
_avolume _bnc _2rdacarrier |
||
| 650 | 7 |
_aEkonomi _vAnsiklopediler _2etuturkob _9131797 |
|
| 700 | 1 |
_aAlkan, İsmet _eeditor _9131798 |
|
| 700 | 1 |
_aYazman, Aslan Tufan _eeditor _9131799 |
|
| 942 |
_2lcc _cBK |
||